| 000 | 00547nam a22001937a 4500 | ||
|---|---|---|---|
| 003 | NUST | ||
| 005 | 20230911100057.0 | ||
| 008 | 190808b ||||| |||| 00| 0 eng d | ||
| 038 | _aMr. Noman | ||
| 082 | _a658 | ||
| 100 |
_aMahmood. Salik _919180 |
||
| 245 |
_aImpact of Macroeconomic Variables on Dividend and Firm's Performance _cSalik Mahmood. |
||
| 260 |
_aIslamabad: _bNBS - NUST, _c2014. |
||
| 300 |
_a51 p.: ill.; _c30cm. |
||
| 500 | _aHardcover. | ||
| 650 |
_aMBA Thesis. _917629 |
||
| 700 |
_aFazli Azam. _918819 |
||
| 942 |
_2ddc _cTHE |
||
| 999 |
_c527763 _d527763 |
||